Statistics for What Party Was That President

Click here to take the quiz!

General Stats

  • This quiz has been taken 11 times
  • The average score is 32 of 46

Answer Stats

PresidentParty% Correct
John AdamsFederalist
100%
Thomas JeffersonDemocratic-Republican
88%
James MadisonDemocratic-Republican
88%
James MonroeDemocratic-Republican
88%
Grover ClevelandDemocratic
75%
Franklin PierceDemocratic
75%
Andrew JacksonDemocratic
75%
Martin Van BurenDemocratic
75%
Grover ClevelandDemocratic
75%
James K. PolkDemocratic
75%
James BuchananDemocratic
75%
John Quincy AdamsDemocratic-Republican
75%
Benjamin HarrisonRepublican
75%
Theodore RooseveltRepublican
75%
William McKinleyRepublican
75%
James A. GarfieldRepublican
75%
William Howard TaftRepublican
75%
Chester A. ArthurRepublican
75%
Abraham LincolnRepublican
75%
Rutherford B. HayesRepublican
75%
Ulysess S. GrantRepublican
75%
Millard FillmoreWhig
75%
Zachary TaylorWhig
75%
John TylerWhig
75%
William Henry HarrisonWhig
75%
Barack ObamaDemocratic
63%
Harry TrumanDemocratic
63%
Bill ClintonDemocratic
63%
Jimmy CarterDemocratic
63%
Lyndon B. JohnsonDemocratic
63%
John F. KennedyDemocratic
63%
Joe BidenDemocratic
63%
Franklin D. RooseveltDemocratic
63%
Woodrow WilsonDemocratic
63%
Andrew JohnsonDemocratic
63%
Dwight D. EisenhowerRepublican
63%
Herbert HooverRepublican
63%
Calvin CoolidgeRepublican
63%
Richard NixonRepublican
63%
Gerald FordRepublican
63%
Warren HardingRepublican
63%
Ronald ReaganRepublican
63%
George H.W. BushRepublican
63%
George W. BushRepublican
63%
Donald TrumpRepublican
63%
George WashingtonIndependant
25%

Score Distribution

Percentile by Number Answered

Percent of People with Each Score

Your Score History

You have not taken this quiz